| 000 | 01231nam a22003497a 4500 | ||
|---|---|---|---|
| 003 | CHAP | ||
| 005 | 20220329134929.0 | ||
| 008 | 971013s1995 r 00010 d | ||
| 010 | _a28252 | ||
| 011 | _a29224 | ||
| 035 | _a33335 | ||
| 040 | _cCHAP | ||
| 090 | _aTesis | ||
| 100 | 0 | 0 |
_aMendoza Briseño, Mauricio. _974611 |
| 245 | _aEconomía de los Parques Nacionales Mexicanos, estudio del caso Zoquiapan | ||
| 260 |
_aChapingo, Méx. : _bEl autor, _c1995 |
||
| 300 | _a74 h | ||
| 502 | _aTesis (Ing. Forestal con Orientación en Economía y Ordenación) -- UACH. División de Ciencias Forestales | ||
| 590 |
_aALEPH _b10 _c20130110 _lUCH01 _h1249 |
||
| 590 |
_aBATCH-UPD _b10 _c20130110 _lUCH01 _h0120 |
||
| 590 |
_aBATCH-UPD _b10 _c20130110 _lUCH01 _h1328 |
||
| 590 |
_aBATCH-UPD _b10 _c20130409 _lUCH01 _h2114 |
||
| 590 |
_aBATCH-UPD _b10 _c20130410 _lUCH01 _h0834 |
||
| 590 |
_aBATCH-UPD _b10 _c20130914 _lUCH01 _h0710 |
||
| 590 |
_aCONVERSION _b10 _c20130109 _lUCH01 _h1316 |
||
| 650 | 1 | 4 |
_aBosques _xAspectos económicos. _914058 |
| 650 | 1 | 4 |
_aParque Nacional Zoquiapan, Méx. _985690 |
| 901 | _aBK | ||
| 942 | _cFOLL | ||
| 949 |
_bBC _cTES _d-77525 _eTS1 _h27071 _i33335 _si |
||
| 949 |
_bBC _cTES _d-77527 _eTS2 _fc.2 _h27072 _i33335 _si |
||
| 999 |
_c28252 _d28252 |
||